000 00616nam a2200205 a 4500
005 20240911063919.0
008 991125s1976 es 000 0 spa u
020 _a842520657X
035 _aUPN01000028288
049 _aCG
050 4 _aN6494 C6
_bW4.38
100 1 _aWescher, Herta
245 1 3 _aLa historia del collage :
_bdel cubismo a la actualidad /
_cH. Wescher ; tr. Enric Vázquez.
260 _aBarcelona, Esp. :
_bG. Gili,
_c1976.
300 _a276 p., [58] h. láms. :
_bil.
440 0 _aComunicación visual
650 2 _aArte moderno
_ySiglo XX
_92587
650 4 _aCollage
_99671
905 _aLibro
999 _c28288
_d28288